Storm on horseback : (Record no. 15863)
[ view plain ]
| 000 -LEADER | |
|---|---|
| fixed length control field | 01849nam a2200265 a 4500 |
| 001 - CONTROL NUMBER | |
| control field | ASIN1845117034 |
| 005 - DATE AND TIME OF LATEST TRANSACTION | |
| control field | 20170105102927.0 |
| 008 - FIXED-LENGTH DATA ELEMENTS--GENERAL INFORMATION | |
| fixed length control field | 131212s2008 xxu eng d |
| 020 ## - INTERNATIONAL STANDARD BOOK NUMBER | |
| International Standard Book Number | 1845117034 (hardcover) |
| Terms of availability | $44.00 |
| 020 ## - INTERNATIONAL STANDARD BOOK NUMBER | |
| International Standard Book Number | 9781845117030 (hardcover) |
| 040 ## - CATALOGING SOURCE | |
| Original cataloging agency | 0 |
| 050 04 - LIBRARY OF CONGRESS CALL NUMBER | |
| Classification number | DS27 |
| 082 04 - DEWEY DECIMAL CLASSIFICATION NUMBER | |
| Classification number | 956.1014 |
| Author Mark | FRE 2008 |
| 100 1# - MAIN ENTRY--PERSONAL NAME | |
| Personal name | Freely, John. |
| 245 10 - TITLE STATEMENT | |
| Title | Storm on horseback : |
| Remainder of title | the seljuk warriors of turkey / |
| Statement of responsibility, etc. | John Freely. |
| 260 ## - PUBLICATION, DISTRIBUTION, ETC. | |
| Place of publication, distribution, etc. | [S.l.] : |
| Name of publisher, distributor, etc. | I. B. Tauris, |
| Date of publication, distribution, etc. | 2008. |
| 300 ## - PHYSICAL DESCRIPTION | |
| Extent | 304 p. ; |
| Dimensions | 24 cm. |
| 520 ## - SUMMARY, ETC. | |
| Summary, etc. | Storm on Horseback is both a dramatic history and, uniquely, a traveller’s guide to the extraordinary heritage of the Seljuks in Turkey. Who are the Turks and where did they come from? The successive empires that they created in a whirlwind of conquests from China to North Africa led one chronicler to call the waves of mounted Turkic warriors a "storm on horseback." This is the story of the Seljuk Turks of Anatolia who created the first Turkish state. The Seljuk period--when Anatolia, which had been for the most part Greek and Christian and became predominantly Turkic and Muslim--was one of the great cultural transformations in Middle Eastern history. Here, John Freely takes the reader from Istanbul throughout eastern Anatolia, describing the surpassingly beautiful monuments with which the Seljuks adorned their cities, as well as the music, dance, prose and poetry of the period. Though the Seljuks themselves did not survive as rulers, their cultural heritage lives on in the deepest roots of Turkish life, just as their magnificent monuments still adorn the landscape of Turkey. |
| 650 #0 - SUBJECT ADDED ENTRY--TOPICAL TERM | |
| Topical term or geographic name entry element | Civilization |
| 650 #0 - SUBJECT ADDED ENTRY--TOPICAL TERM | |
| Topical term or geographic name entry element | Seljuks |
| 650 #0 - SUBJECT ADDED ENTRY--TOPICAL TERM | |
| Topical term or geographic name entry element | Travel |
| 650 #0 - SUBJECT ADDED ENTRY--TOPICAL TERM | |
| Topical term or geographic name entry element | Turkey |
| 856 40 - ELECTRONIC LOCATION AND ACCESS | |
| Materials specified | Amazon.com |
| Uniform Resource Identifier | <a href="http://www.amazon.com/exec/obidos/ASIN/1845117034/chopaconline-20">http://www.amazon.com/exec/obidos/ASIN/1845117034/chopaconline-20</a> |
| 942 ## - ADDED ENTRY ELEMENTS (KOHA) | |
| Source of classification or shelving scheme | |
| Koha item type | Book |
| Withdrawn status | Lost status | Damaged status | Not for loan | Collection code | Permanent Location | Current Location | Shelving location | Date acquired | Total Checkouts | Full call number | Barcode | Date last seen | Price effective from | Koha item type |
|---|---|---|---|---|---|---|---|---|---|---|---|---|---|---|
| Centre for International Peace & Stability (CIPS) | Centre for International Peace & Stability (CIPS) | General Stacks | 10/01/2013 | 956.1014 FRE 2008 | CIPS0001485 | 12/12/2013 | 12/12/2013 | Book |
